000 00688nam a2200241Ia 4500
003 OSt
005 20220926002455.0
006 a|||||r|||| 00| 0
007 ta
008 220923b |||||||| |||| 00| 0 eng d
037 _cGeneral Book
040 _aRTL
_cRTL
_beng
041 _2eng
_aeng
082 _aQ2:7.D, L0
100 _aChattopadhyaya Sudhakar
245 0 _aEvaluation of Hindu sects up to the time of Samkar
260 _a New Delhi
_bMunshiram Manoharlal India
_c1970
300 _axii, 216p
_ccm.
500 _aBib p 199-204
650 _aHinduism
_98459
942 _hQ2:7.D, L0
_cGB
_2CC
999 _c605171
_d605171